Oraciones de San Vicente de Paul

Պահպանված է:
Մատենագիտական մանրամասներ
Հիմնական հեղինակ: Nos Muro, Luis (autor)
Ձևաչափ: Գիրք
Լեզու:իսպաներեն
Հրապարակվել է: Madrid PPC 1986
Շարք:Colección Acanto de Espiritualidad, 4
Խորագրեր:
Ցուցիչներ: Ավելացրեք ցուցիչ
Չկան պիտակներ, Եղեք առաջինը, ով նշում է այս գրառումը!

MARC

LEADER 00000nam a2200000 a 4500
001 UCW9252
003 CL-VaPUC
008 890103e19860000SP |||||||||||||||||spa|d
020 |a 8428807639 
082 0 4 |a 248.8942  |b NOS  |2 21 
100 |a Nos Muro, Luis  |e autor  |9 586205 
245 1 0 |a Oraciones de San Vicente de Paul 
300 |a 158 p 
942 |c BK 
945 |d 19890103 00:00:00 
260 |a Madrid  |b PPC  |c 1986 
600 0 7 |a SAN VICENTE DE PAUL  |2 CL-VaPUC  |9 314458 
650 0 |a Vida cristiana  |9 258753 
650 0 |a Espiritualidad   |9 267331 
650 7 |a LIBRO DE ORACIONES Y DEVOCIONARIOS  |2 CL-VaPUC  |9 314459 
583 |a last modification  |c 19890103 00:00:00  |k Rodrigo Vera 
490 0 |a Colección Acanto de Espiritualidad, 4 
999 |c 221273  |d 221271 
952 |0 0  |1 0  |4 0  |6 248_894200000000000_NOS_1986  |7 0  |8 A  |9 214416  |a BIBTEO  |b BIBTEO  |d 2019-11-15  |i 283023K  |o 248.8942 NOS 1986  |p 283023K  |r 2025-01-17  |w 2019-11-15  |y BK  |k ICR 
952 |0 0  |1 0  |4 0  |6 248_894200000000000_NOS_1986  |7 0  |8 A  |9 214417  |a BIBTEO  |b BIBTEO  |d 2019-11-15  |i 2830248  |o 248.8942 NOS 1986  |p 2830248  |r 2025-01-17  |w 2019-11-15  |y BK  |k ICR 
952 |0 0  |1 0  |4 0  |6 248_894200000000000_NOS_1986  |7 0  |8 A  |9 214418  |a BIBTEO  |b BIBTEO  |d 2019-11-15  |i 2098237  |o 248.8942 NOS 1986  |p 2098237  |r 2025-01-17  |w 2019-11-15  |y BK  |k ICR 
952 |0 0  |1 0  |4 0  |6 248_894200000000000_NOS_1986  |7 0  |8 A  |9 214419  |a BIBTEO  |b BIBTEO  |d 2019-11-15  |i 2098245  |o 248.8942 NOS 1986  |p 2098245  |r 2025-01-17  |w 2019-11-15  |y BK  |k ICR 
952 |0 0  |1 2  |4 0  |6 248_894200000000000_NOS_1986  |7 0  |8 A  |9 214420  |a BIBTEO  |b BIBTEO  |d 2019-11-15  |i 4244818  |o 248.8942 NOS 1986  |p 4244818  |r 2019-11-15  |w 2019-11-15  |x Descarte 2019  |y BK  |k ICR 
952 |0 0  |1 0  |4 0  |6 248_894200000000000_NOS_1986  |7 0  |8 A  |9 214421  |a BIBTEO  |b BIBTEO  |d 2019-11-15  |i 424480K  |o 248.8942 NOS 1986  |p 424480K  |r 2025-01-17  |w 2019-11-15  |y BK  |k ICR